000 00847nam0a22002531 4500
001 rc\961994
005 20041129100517.6
035 _a(NLR Aleph) 006131626
090 _a5567682
_c5567682
100 _a20041129d1982 u |0rusy50 ca
101 0 _arus
102 _aRU
105 _aa |||||||||
200 1 _aПрограммное обеспечение эксперимента по фоторождению "эта"-мезона
210 _aЕреван
_cЕФИ
_d1982
215 _a22 с.
_cил.
_d20
225 1 _aЕреванский физический институт
_vЕФИ-515(2)-82
320 _aБиблиогр.: с. 22 (8 назв.)
700 1 _aСхторян
_bЕ. М.
_gЕрванд Мисакович
801 0 _aRU
_bNLR
_gpsbo
801 1 _aRU
_bELAR
_2rusmarc
852 _aNLR
_j82-4/23318
942 _cBOOK
980 _aNB